[Event "CZE-ch Juniors op-A"]
[Site "Kouty nad Desnou"]
[Date "2009.03.08"]
[Round "2"]
[White "Vozak, Jaromir"]
[Black "Prazak, Pavel"]
[Result "1-0"]
[WhiteElo "1797"]
[BlackElo "1910"]
[PlyCount "97"]
[EventDate "2009.03.07"]
[EventType "swiss"]
[EventRounds "9"]
[EventCountry "CZE"]
[SourceTitle "EXT 2011"]
[Source "ChessBase"]
[SourceDate "2010.11.26"]
[SourceVersion "1"]
[SourceVersionDate "2010.11.26"]
[SourceQuality "1"]

1. e4 c5 2. Nf3 d6 3. d4 cxd4 4. Nxd4 Nf6 5. Nc3 g6 6. Bd3 Bg7 7. Nce2 0-0 8. c3 Nc6 9. Be3 d5 10. f3 Bd7 11. Ng3 e5 12. Nb3 Re8 13. 0-0 Be6 14. Bb5 Qc7 15. Qe2 a6 16. Bd3 b5 17. Qf2 b4 18. exd5 Nxd5 19. c4 Nxe3 20. Qxe3 Nd4 21. Rac1 f5 22. Nxd4 exd4 23. Qd2 a5 24. b3 Be5 25. f4 Bf6 26. Rce1 Bf7 27. Qf2 Qc5 28. Rxe8+ Rxe8 29. Re1 Re3 30. Rxe3 dxe3 31. Qe2 Qd4 32. Nf1 Qxf4 33. g3 Qd4 34. Qxe3 Qb2 35. Qe2 Bd4+ 36. Kg2 Qc1 37. Qd2 Qa1 38. Qe2 Bc5 39. Qc2 Qd4 40. Nd2 Kf8 41. Nf3 Qc3 42. Qd2 Qf6 43. Ng5 Qc6+ 44. Kh3 Bg8 45. Qf4 Bd6 46. Qe3 Qd7 47. Kg2 Qc6+ 48. Qf3 Qa6 49. c5 1-0

[Event "CZE-ch Juniors op-A"]
[Site "Kouty nad Desnou"]
[Date "2009.03.07"]
[Round "1"]
[White "Gruber, Milos"]
[Black "Vozak, Jaromir"]
[Result "1-0"]
[WhiteElo "2020"]
[BlackElo "1797"]
[PlyCount "107"]
[EventDate "2009.03.07"]
[EventType "swiss"]
[EventRounds "9"]
[EventCountry "CZE"]
[SourceTitle "EXT 2011"]
[Source "ChessBase"]
[SourceDate "2010.11.26"]
[SourceVersion "1"]
[SourceVersionDate "2010.11.26"]
[SourceQuality "1"]

1. e4 e6 2. d4 d5 3. Nd2 c5 4. Ngf3 Nc6 5. c3 Qb6 6. exd5 exd5 7. Qb3 c4 8. Qxb6 axb6 9. Be2 Bd6 10. 0-0 Nf6 11. Re1 0-0 12. Nf1 b5 13. Ng3 Bd7 14. Bg5 Ne4 15. Bc1 f5 16. Nd2 Rae8 17. Ndxe4 dxe4 18. Bf1 Ne7 19. b3 Rc8 20. bxc4 bxc4 21. a4 Nd5 22. Ba3 Rf6 23. Bxd6 Rxd6 24. a5 Be6 25. Ra3 Ra6 26. Rea1 Nf4 27. Ne2 Nd3 28. g3 g5 29. Rb1 Bd5 30. Rb5 Rd8 31. h4 gxh4 32. Nf4 Nxf4 33. gxf4 Kg7 34. Rc5 Rc6 35. Rxc6 bxc6 36. a6 Ra8 37. Ra4 Kf6 38. a7 Ke6 39. Bxc4 Bxc4 40. Rxc4 Rxa7 41. Rxc6+ Kf7 42. d5 Ra3 43. c4 Rd3 44. d6 Ke8 45. c5 Kd8 46. Rc7 Rd5 47. Kg2 Rd3 48. Rxh7 Rd5 49. Rc7 Rd2 50. Re7 Rd5 51. Re5 Rxe5 52. fxe5 Kd7 53. Kh3 f4 54. Kxh4 1-0

[Event "CZE-ch Juniors op-A"]
[Site "Sec u Chrudimi"]
[Date "2008.03.13"]
[Round "7"]
[White "Vozak, Jaromir"]
[Black "Valenta, Petr"]
[Result "0-1"]
[WhiteElo "1910"]
[BlackElo "1945"]
[PlyCount "118"]
[EventDate "2008.03.08"]
[EventType "swiss"]
[EventRounds "9"]
[EventCountry "CZE"]
[SourceTitle "EXT 2009"]
[Source "ChessBase"]
[SourceDate "2008.11.26"]
[SourceVersion "1"]
[SourceVersionDate "2008.11.26"]
[SourceQuality "1"]

1. e4 c5 2. Nf3 d6 3. d4 cxd4 4. Nxd4 Nf6 5. Nc3 g6 6. Bg5 Bg7 7. Ndb5 Nbd7 8. Nxd6+ exd6 9. Qxd6 Qb6 10. Nb5 Qxd6 11. Nxd6+ Ke7 12. 0-0-0 h6 13. Bh4 g5 14. Bg3 Nb6 15. Nb5 Ne8 16. Be2 Bd7 17. Nd6 Nxd6 18. Bxd6+ Ke8 19. e5 h5 20. Rhe1 Rh6 21. c4 Rc8 22. b3 Bf8 23. Kb2 Bxd6 24. exd6 Kf8 25. Bf3 Re6 26. Bxb7 Rb8 27. Ba6 Na4+ 28. Kc2 Nc5 29. Rxe6 fxe6 30. Bb5 Bxb5 31. cxb5 Ke8 32. b4 Nb7 33. d7+ Ke7 34. Rd3 Nd6 35. a4 Kxd7 36. Kb3 g4 37. h3 Ke7 38. hxg4 hxg4 39. Rg3 Rg8 40. Re3 Kd7 41. Rd3 Rg5 42. Rd4 e5 43. Rd5 Rf5 44. Rd2 e4 45. Kc3 Ke6 46. Re2 Rd5 47. Re1 Rd3+ 48. Kc2 Ra3 49. a5 Ke5 50. Rh1 Ra2+ 51. Kb3 Rxf2 52. b6 axb6 53. a6 Rf7 54. Ka4 e3 55. Kb3 Re7 56. b5 Ke4 57. Rh6 Nxb5 58. Rxb6 Nd4+ 59. Ka3 Ra7 0-1

[Event "CZE-ch Juniors op-A"]
[Site "Sec u Chrudimi"]
[Date "2008.03.12"]
[Round "6"]
[White "Rezac, Jindrich"]
[Black "Vozak, Jaromir"]
[Result "0-1"]
[WhiteElo "1817"]
[BlackElo "1910"]
[PlyCount "110"]
[EventDate "2008.03.08"]
[EventType "swiss"]
[EventRounds "9"]
[EventCountry "CZE"]
[SourceTitle "EXT 2009"]
[Source "ChessBase"]
[SourceDate "2008.11.26"]
[SourceVersion "1"]
[SourceVersionDate "2008.11.26"]
[SourceQuality "1"]

1. d4 d5 2. c4 e6 3. e3 Nf6 4. Nc3 Be7 5. Nf3 0-0 6. Bd3 dxc4 7. Bxc4 c6 8. 0-0 b5 9. Bd3 a5 10. b3 Na6 11. a3 Bb7 12. Bb2 Qc7 13. a4 b4 14. Ne4 c5 15. Nxc5 Nxc5 16. Rc1 Qb6 17. dxc5 Bxc5 18. Bxf6 gxf6 19. Bxh7+ Kxh7 20. Rc4 Bxe3 21. Qd3+ f5 22. fxe3 Rfc8 23. Qe2 Ba6 24. Rh4+ Kg7 25. Qf2 Qc7 26. Re1 Rg8 27. e4 Qa7 28. exf5 Qxf2+ 29. Kxf2 exf5 30. Nd4 Bd3 31. Re5 Kf6 32. Rc5 Rgc8 33. Rh6+ Kg5 34. Rhc6 Rxc6 35. Rxc6 Be4 36. Rc5 Rd8 37. Ke3 Rd5 38. Rc7 Bxg2 39. Rxf7 Re5+ 40. Kd2 Kf4 41. Ne2+ Kf3 42. Nd4+ Ke4 43. Nc6 Rd5+ 44. Ke2 Bf3+ 45. Ke1 Ke3 46. Re7+ Be4 47. Ne5 Kd4 48. Nc4 Kc3 49. Ne3 Rc5 50. Nc4 Kxb3 51. Nd2+ Kxa4 52. Nxe4 fxe4 53. Rxe4 Ka3 54. h4 b3 55. Re3 Ka2 0-1